000 00255nam a2200097Ia 4500
008 220204s9999 xx 000 0 und d
100 _aRoberts, K
245 0 _aExpanded polystyrene cushioning
260 _aLondon
_bThe Plastics Institute
_c1974
942 _cBK
999 _c43703
_d43703